Click Countries Spelled Backwards - Statistics

General Stats
  • This quiz has been taken 61 times
  • The average score is 22 of 25
Answers on the Map
Answers color-coded by a green-red scale on the quiz's map according to % correct below.
 
Answer Stats
Answer % Correct
acirfA htuoS
96%
aibarA iduaS
94%
ailartsuA
94%
aleuzeneV
94%
amanaP
94%
anitnegrA
94%
niapS
94%
ureP
94%
aisenodnI
93%
aknaL irS
93%
suraleB
93%
aigroeG
91%
dnalecI
91%
lapeN
91%
occoroM
91%
surpyC
89%
alametauG
87%
cilbupeR nacinimoD
87%
nadroJ
87%
ainaznaT
85%
ramnayM
85%
sevidlaM
85%
ainatiruaM
83%
itabiriK
81%
sdnalsI llahsraM
72%
No matching quizzes found
Score Distribution
Percent of People with Each Score
Percentile by Number Answered
Your Score History
You have not taken this quiz